Statistics for General Knowledge(HARD).#2

Click here to take the quiz!

General Stats

  • This quiz has been taken 122 times
  • The average score is 8 of 15

Answer Stats

QuestionAnswer% Correct
The First 3 Digits of Pi3.14
84%
The Name of the Famous English Tennis TournamentWimbledon
84%
The Largest Bird on The PlanetOstrich
83%
The Second Man to Walk on The MoonBuzz Aldrin
81%
The Year of The Wall Street Crash1929
77%
The Name of The First Satellite EverSputnik 1
77%
The Name of The Famous Polish Concentration CampAuschwitz
69%
The Newest Country on The PlanetSouth Sudan
64%
The Name of The Monument At the Place Charles de GaulleArc de Triomphe
35%
The Deadliest Animal in The WorldMosquito
35%
The Name of The Famous Portuguese ExplorerVasco da Gama
27%
The Best Selling Video Game of All TimeTetris
26%
The Creator of The World Wide WebTim Berners-Lee
26%
The Creator of The First Mechanical ComputerCharles Babbage
25%
The Best Selling Song of AlltimeWhite Christmas
14%

Score Distribution

Percentile by Number Answered

Percent of People with Each Score

Your Score History

You have not taken this quiz